|
|
|
|
| LEADER |
00000cam a2200000 a 4500 |
| 001 |
52010 |
| 005 |
20230308173712.0 |
| 008 |
000000|1957 ||||||||r|||||||||||spa|| |
| 040 |
|
|
|b spa
|
| 041 |
1 |
|
|a spa
|
| 082 |
0 |
|
|a 972
|
| 100 |
1 |
|
|a Chavez Orozco, Luis
|9 21127
|
| 245 |
|
|
|a Historia de México (época precortesiana)
|c Luis Chavez Orozco
|h imp
|
| 264 |
|
|
|a México
|b Patria
|c 1957
|
| 300 |
|
|
|a 254 páginas:
|b ilu
|c 20 cm
|
| 504 |
|
|
|a incl. ref.
|
| 650 |
|
|
|a Historia de mexico
|9 7625
|
| 852 |
|
|
|a UC-CDJBV
|c ESTANTERIA CERRADA
|f Compra
|k lucia.mora
|l 1
|m General
|p 00000000
|r 2
|t 52010
|b 0
|d CDRC
|e CDRC
|g 972 ESTANTERIA CERRADA
|z 0000-00-00
|
| 942 |
|
|
|c BK
|
| 999 |
|
|
|c 44206
|d 44206
|